000 00642nam a22001937a 4500
005 20251108165518.0
008 250721s1960 xx 000 0 ara d
082 1 4 _aم/413/ث
100 1 _aاللغوي، ثابت بن أبي ثابت أبو محمد
245 1 0 _aكتاب خلق الإنسان /
264 1 _aالكويت :
_bمطبعة حكومة الكويت،
_c1960.
300 _a483ص
490 0 _aسلسلة التراث العربي ؛ 14
650 1 7 _aاللغة العربية
650 1 7 _aعلم الدلالة
700 1 _aفراج، عبد الستار أحمد
_eتحقيق
942 _2ddc
_cREF
999 _c29669
_d29669